000 00912naa a2200265 c 4500
001 43060
003 ES-MaCES
005 20150924144634.0
008 120704n2012 sp t 000 | spa d
035 _aCES20120006703v
040 _aES-MaCES
_bspa
_cES-MaCES
100 1 _aMella Méndez, Lourdes
_918364
245 1 3 _aEl concepto "pareja de hecho" a efectos de la pensión de viudedad
_cLourdes Mella Méndez
500 _aResumen en español e inglés
650 4 _aEspaña
_926964
650 4 _arégimen de pensión
_927042
650 4 _aprestaciones de supervivencia
_929079
650 4 _apareja de hecho
_931473
653 1 0 _aSeguridad Social
650 4 _927320
_amatrimonio
773 0 _tAranzadi social
_gn. 9 (en. 2012){10650 R. 081526}; p. 195-218
_w(ES-MaCES)25655
_967545
902 _aART Artículo de revista
942 _2CES
_cAR
_h3.0.
999 _c43060
_d43060